Представление документа в формате RUSMARC

ПолеНазваниеЗначение
  Тип записи a
  Библиографический уровень m
001 Контрольный номер RU/SLIB/B/208735722
005 Дата корректировки 20241216123508.1
010 Индекс ISBN __
d Цена 1-60
101 Язык документа 0_
a Язык текста rus
200 Заглавие и сведения об ответственности 1_
a Заглавие Вилочковая железа: тимус
f Первые сведения об ответственности Кемилева З.; пер. с болг. А. Н. Иванова ; под ред. Р. М. Хаитова
b Общее обозначение материала Текст
210 Выходные данные 1_
a Место издания М.
c Издательство Медицина
d Дата издания 1984
215 Физическое описание __
a Объем 256 с.
606 Тематические рубрики __
a Основная рубрика Здравоохранение. Медицинские науки
606 Тематические рубрики __
a Основная рубрика Болезни эндокринной системы
610 Ключевые слова 0_
a Ключевые слова вилочковая железа; заболевания желез; тимус; иммунная система
686 Индексы других классификаций __
a Классификационный индекс 54.151
700 Автор _1
a Фамилия Кемилева
b Имя З.
4 Код отношения 070
801 Источник записи _0
a Страна RU
b Организация Муниципальное бюджетное учреждение культуры "Централизованная библиотечная система" г. Сургут (Центральная городская библиотека им. А. С. Пушкина)
g Правила каталогизации КиК/Михайлова
801 Источник записи _1
a Страна RU
b Организация Муниципальное бюджетное учреждение культуры "Централизованная библиотечная система" г. Сургут (Центральная городская библиотека им. А. С. Пушкина)
g Правила каталогизации КиК/Михайлова
852 Данные о местонахождении __
j Шифр хранения 54.151
c Каталожный индекс 54.15
i Авторский знак К 35
p Инвентарный номер 19394
901 Тип документа __
t Тип документа m
990 Данные о заказе (DOS) __
j Количество экземпляров (DOS) 1
t N записи в КСУ для И/У (DOS) 199101